La influencia del cine y la televisión

Сохранить в:
Библиографические подробности
Главные авторы: Cohen-Séat, Gilbert (Автор), Fougeyrollas, Pierre (Автор)
Формат:
Язык:испанский
Опубликовано: Ciudad de México Fondo de Cultura Económica 1967
Серии:Brevarios del Fondo de Cultura Económica, 189
Предметы:
Метки: Добавить метку
Нет меток, Требуется 1-ая метка записи!

MARC

LEADER 00000nam a2200000 a 4500
001 UCW0200
003 CL-VaPUC
008 910320e19670000MX |||||||||||||||||spa|d
082 0 4 |a 778.5  |b COH  |2 21 
100 0 |a Cohen-Séat, Gilbert  |e author  |9 304156 
700 0 |a Fougeyrollas, Pierre  |e author  |9 304157 
245 1 3 |a La influencia del cine y la televisión 
300 |a 169 p 
942 |c BK 
945 |d 19910320 00:00:00 
260 |a Ciudad de México  |b Fondo de Cultura Económica  |c 1967 
650 0 |a Cine  |9 225706 
650 0 |a Televisión  |9 256845 
583 |a last modification  |c 20180403 09:54:02  |k Rodrigo Vera 
490 0 |a Brevarios del Fondo de Cultura Económica, 189 
999 |c 215428  |d 215426 
952 |0 0  |1 0  |4 0  |6 778_500000000000000_COH_1967  |7 0  |8 R  |9 199714  |a BIBART  |b BIBART  |d 2019-11-14  |i 2669692  |o 778.5 COH 1967  |p 2669692  |r 2025-03-13  |w 2019-11-14  |y BK_R  |k ART